| Поле | Название | Значение |
| |
Тип записи |
a |
| |
Библиографический уровень |
m |
| 001 |
Контрольный номер |
RU/УОНБ/EK_N/419516638 |
| 005 |
Дата корректировки |
20240131000607.0 |
| 010 |
Индекс ISBN |
__ |
| 9 |
Тираж |
5000 экз. |
| 013 |
Номер (ISMN) |
__ |
| d |
Цена |
85 к. |
| 071 |
Издательские номер (звукозапись и ноты) |
21 |
| a |
Номер, присвоенный агентством |
11896 |
| 100 |
Данные общей обработки |
__ |
| a |
Данные общей обработки |
20130416d1982 u y0rusy0189 ca |
| 101 |
Язык документа |
0_ |
| a |
Язык текста |
rus |
| f |
Язык титульного листа |
rus |
| 102 |
Страна публикации |
__ |
| a |
Страна публикации |
RU |
| 105 |
Кодированные данные (монография) |
__ |
| a |
Кодированные данные (монография) |
y###||||000|y |
| 125 |
Кодированные данные звукозаписи и нотных изданий |
__ |
| a |
Форма изложения нотного текста |
а| |
| 128 |
Кодированные данные (звукозаписи-физические характеристики) |
__ |
| a |
Кодированные данные: Музыкальная форма и тональность или лад |
zz |
| b |
Инструменты или голоса, необходимые для ансамблей (устаревшее) |
kt|| |
| 200 |
Заглавие и сведения об ответственности |
1_ |
| a |
Заглавие |
Вып. 13 |
| f |
Первые сведения об ответственности |
сост. А. Крылусов |
| 210 |
Выходные данные |
1_ |
| d |
Дата издания |
1982 |
| 215 |
Физическое описание |
__ |
| a |
Объем |
59 c. |
| d |
Формат |
29 см |
| 327 |
Примечание о содержании |
11 |
| a |
Примечание о содержании |
Содерж. : Что от терема да до терема : рус. нар. песня / обраб. Н. Римского-Корсакова. - Ой, есть в лiсi калина : укр. нар. песня / обраб. А. Сударикова. - Ой, ты ехал, ехал, ехал : белорус. нар песня / обраб. О. Звонарева. - Бах И. С. Органная хоральная прелюдия. - Кюи Ц. Тарантелла. - Прокофьев С. Полонез из оперы "Война и мир". - Чекалов П. Фуга до минор. - Иванов-Радкевич Н. На полянке : из цикла "Картинки русской природы". - Косенко В. Петрушка. - Дербенко Е. Кузнечик : вариации на тему песни В. Шаинского. |
| 461 |
Уровень набора |
_0 |
| 1 |
|
001RU/УОНБ/EK_N/418918422 |
| 1 |
|
200 |
| a |
|
Ансамбли баянов |
| b |
|
[Ноты] |
| v |
|
Вып. 13 |
| 1 |
|
210 |
| a |
|
М. |
| c |
|
Музыка |
| d |
|
[197-] - |
| 464 |
Аналитический уровень |
_0 |
| 1 |
|
2001 |
| a |
|
Что от терема да до терема |
| e |
|
рус. нар. песня |
| e |
|
[для дуэта баянов] |
| 1 |
|
702 1 |
| a |
|
Римский-Корсаков |
| b |
|
Н. |
| 4 |
|
030 |
| 464 |
Аналитический уровень |
_0 |
| 1 |
|
2001 |
| a |
|
Ой, есть в лiсi калина |
| e |
|
укр. нар. песня |
| e |
|
[для дуэта баянов] |
| 1 |
|
702 1 |
| a |
|
Судариков |
| b |
|
А. |
| 4 |
|
030 |
| 464 |
Аналитический уровень |
_0 |
| 1 |
|
2001 |
| a |
|
Ой, ты ехал, ехал, ехал |
| e |
|
белорус. нар. песня |
| e |
|
[для дуэта баянов] |
| 1 |
|
702 1 |
| a |
|
Звонарев |
| b |
|
О. |
| 4 |
|
030 |
| 464 |
Аналитический уровень |
_0 |
| 1 |
|
2001 |
| a |
|
Органная хоральная прелюдия |
| e |
|
[для трио баянов] |
| 1 |
|
700 1 |
| a |
|
Бах |
| b |
|
И. С. |
| 464 |
Аналитический уровень |
_0 |
| 1 |
|
2001 |
| a |
|
Тарантелла |
| e |
|
[для трио баянов] |
| 1 |
|
700 1 |
| a |
|
Кюи |
| b |
|
Ц. |
| 464 |
Аналитический уровень |
_0 |
| 1 |
|
2001 |
| a |
|
Фуга до минор |
| e |
|
[для трио баянов] |
| 1 |
|
700 1 |
| a |
|
Чекалов |
| b |
|
П. |
| 464 |
Аналитический уровень |
_0 |
| 1 |
|
2001 |
| a |
|
На полянке |
| e |
|
из цикла "Картинки русской природы" |
| e |
|
[для трио баянов] |
| 1 |
|
700 1 |
| a |
|
Иванов-Радкевич |
| b |
|
Н. |
| 1 |
|
50010 |
| a |
|
Картинки русской природы |
| 464 |
Аналитический уровень |
_0 |
| 1 |
|
2001 |
| a |
|
Петрушка |
| e |
|
[для квинтета баянов] |
| 1 |
|
700 1 |
| a |
|
Косенко |
| b |
|
В. |
| 464 |
Аналитический уровень |
_0 |
| 1 |
|
2001 |
| a |
|
Полонез из оперы "Война и мир" |
| e |
|
[для квартета баянов] |
| 1 |
|
700 1 |
| a |
|
Прокофьев С. |
| b |
|
С. |
| 1 |
|
50010 |
| a |
|
Война и мир |
| 464 |
Аналитический уровень |
_0 |
| 1 |
|
2001 |
| a |
|
Кузнечик |
| e |
|
вариации на тему песни В. Шаинского |
| e |
|
[для трио баянов] |
| 1 |
|
700 1 |
| a |
|
Дербенко |
| b |
|
Е. |
| 512 |
Заглавие обложки |
1_ |
| a |
Заглавие обложки |
Ансамбли баянов |
| 606 |
Тематические рубрики |
0_ |
| a |
Основная рубрика |
Ансамбли баянов |
| 610 |
Ключевые слова |
0_ |
| a |
Ключевые слова |
ансамбли баянов |
| 686 |
Индексы других классификаций |
__ |
| a |
Классификационный индекс |
85.952.456я43 |
| 2 |
Код системы |
rubbk |
| 702 |
Вторичная интеллектуальная ответственность |
_1 |
| a |
Фамилия |
Крылусов |
| b |
Имя (инициалы) |
А. |
| 4 |
Код отношения |
220 |
| 801 |
Источник записи |
_0 |
| a |
Страна |
RU |
| b |
Организация |
Ульяновская ОНБ |
| c |
Дата составления |
20130416 |
| g |
Правила каталогизации |
RCR |
| 801 |
Источник записи |
_1 |
| a |
Страна |
RU |
| b |
Организация |
Ульяновская ОНБ |
| c |
Дата составления |
20130416 |
| g |
Правила каталогизации |
RCR |
| 901 |
Тип документа |
__ |
| t |
Тип документа |
n |
| w |
Контрольный № источника |
RU/УОНБ/EK_N/418918422 |
| 909 |
Создатель записи |
__ |
| a |
Создатель записи |
Никитина Т. А. |
| 938 |
Служебная информация |
__ |
| a |
Имя БД |
noti |
| b |
Имя библиотеки |
УОНБ |
| c |
Имя АИБС |
МАРК-SQL |
| d |
Номер DOC_ID в БД |
11250 |